Obras Escogidas
Zapisane w:
| 1. autor: | |
|---|---|
| Format: | Książka |
| Język: | Spanish |
| Wydane: |
Moscú, Rusia
Progreso
1977
|
| Hasła przedmiotowe: | |
| Etykiety: |
Dodaj etykietę
Nie ma etykietki, Dołącz pierwszą etykiete!
|
MARC
| LEADER | 00000nam a2200000Ia 4500 | ||
|---|---|---|---|
| 008 | 170316s9999 xx 000 0 spa d | ||
| 040 | |a cru BVZT | ||
| 090 | |a 100 L-31o v.12 | ||
| 100 | |a Lenin, Vladimir Ilich | ||
| 245 | |a Obras Escogidas | ||
| 260 | |a Moscú, Rusia | ||
| 260 | |b Progreso | ||
| 260 | |c 1977 | ||
| 300 | |a 470 páginas | ||
| 650 | |a FILOSOFÍA | ||
| 650 | |a LENIN | ||
| 942 | |c 15 D | ||
| 999 | |c 15445 |d 15445 | ||
